MARC details
| 000 -CABECERA |
| campo de control de longitud fija |
00930nam a2200217 a 4500 |
| 001 - NÚMERO DE CONTROL |
| campo de control |
000039382 |
| 005 - FECHA Y HORA DE LA ÚLTIMA TRANSACCIÓN |
| campo de control |
20201002031625.0 |
| 008 - DATOS DE LONGITUD FIJA--INFORMACIÓN GENERAL |
| campo de control de longitud fija |
130625s1984 sp 001 0 spa d |
| 020 ## - NÚMERO INTERNACIONAL ESTÁNDAR DEL LIBRO |
| Número Internacional Estándar del Libro |
8400058453 |
| 040 ## - FUENTE DE LA CATALOGACIÓN |
| Centro catalogador/agencia de origen |
DO-SdBNP |
| Lengua de catalogación |
spa |
| Centro/agencia transcriptor |
BNPHU |
| 100 1# - ENTRADA PRINCIPAL--NOMBRE DE PERSONA |
| Nombre de persona |
Bádenas de la Peña, Pedro |
| 9 (RLIN) |
15354 |
| 245 13 - MENCIÓN DE TÍTULO |
| Título |
La estructura del diálogo platónico / |
| Mención de responsabilidad, etc. |
Pedro Bádenas de la Peña ; prólogo Francisco Rodríguez Adrados. |
| 260 ## - PUBLICACIÓN, DISTRIBUCIÓN, ETC. |
| Lugar de publicación, distribución, etc. |
Madrid : |
| Nombre del editor, distribuidor, etc. |
Consejo Superior de Investigación Científicas, |
| Fecha de publicación, distribución, etc. |
1984. |
| 300 ## - DESCRIPCIÓN FÍSICA |
| Extensión |
295 p. ; |
| Dimensiones |
24 cm. |
| 490 1# - MENCIÓN DE SERIE |
| Mención de serie |
Instituto Antonio de Nebrija |
| -- |
Manuales y anejos Emerita |
| Designación de volumen o secuencia |
35 |
| 504 ## - NOTA DE BIBLIOGRAFÍA, ETC. |
| Nota de bibliografía, etc. |
Incluye referencias bibliográficas y notas al pie de las páginas |
| 504 ## - NOTA DE BIBLIOGRAFÍA, ETC. |
| Nota de bibliografía, etc. |
Bibliografía : p. 291-295 |
| 700 1# - PUNTO DE ACCESO ADICIONAL--NOMBRE DE PERSONA |
| Nombre de persona |
Rodríguez Adrados, Adrados |
| Término indicativo de función/relación |
pról. |
| 9 (RLIN) |
65589 |
| 710 0# - PUNTO DE ACCESO ADICIONAL--NOMBRE DE ENTIDAD CORPORATIVA |
| Nombre de entidad corporativa o nombre de jurisdicción como elemento de entrada |
Consejo Superior de Investigación Científicas, |
| 9 (RLIN) |
63831 |
| 830 #0 - PUNTO DE ACCESO ADICIONAL DE SERIE-TÍTULO UNIFORME |
| Título uniforme |
Instituto Antonio de Nebrija |
| -- |
Manuales y anejos Emerita |
| Designación de volumen o secuencia |
35 |
| 9 (RLIN) |
65590 |